[Event "ESP-chT CECLUB Div1"]
[Site "Sanxenxo"]
[Date "2022.09.19"]
[Round "3.4"]
[White "Rubio Mejia, Luis Ignacio"]
[Black "Narayanan, Sunilduth Lyna"]
[Result "0-1"]
[WhiteElo "2399"]
[BlackElo "2657"]
[PlyCount "92"]
[EventDate "2022.09.17"]
[EventType "team-tourn"]
[EventRounds "7"]
[EventCountry "ESP"]
[SourceTitle "CBM 210 Extra"]
[Source "ChessBase"]
[SourceDate "2022.11.30"]
[SourceVersion "1"]
[SourceVersionDate "2022.11.30"]
[SourceQuality "1"]
[WhiteTeam "Virgen de Atocha"]
[BlackTeam "Myinvestor Casablanca"]
[WhiteTeamCountry "ESP"]
[BlackTeamCountry "ESP"]

1. c4 e5 2. e3 Nf6 3. Nc3 Bb4 4. Nge2 0-0 5. a3 Be7 6. d4 exd4 7. Qxd4 a5 8. Nf4 c6 9. Be2 Na6 10. 0-0 Nc5 11. Bd1 a4 12. Bc2 d6 13. Qd1 Qa5 14. e4 Qa6 15. Qe2 Ng4 16. Rd1 Ne5 17. Rd4 Qb6 18. Rd1 Qa6 19. Rd4 Re8 20. h3 g6 21. Rb1 Bf8 22. Be3 Ne6 23. Nxe6 Bxe6 24. Nxa4 Nxc4 25. Bc1 Bg7 26. Rd1 b5 27. Nc3 d5 28. exd5 cxd5 29. Qf3 Ne5 30. Qg3 d4 31. Rxd4 Nf3+ 32. Qxf3 Bxd4 33. Be4 Ra7 34. Bg5 Bc4 35. Rd1 Qb6 36. Rxd4 Qxd4 37. Be3 Qd7 38. Qf6 Re6 39. Qf4 Rc7 40. h4 Rc8 41. Qg3 Qd6 42. Qf3 Rce8 43. Nd5 Bxd5 44. Bxd5 Rf6 45. Qd1 Rd8 46. Bg5 Rf5 0-1

[Event "Madrid-chT Honor 2122"]
[Site "Madrid"]
[Date "2022.03.06"]
[Round "12.2"]
[White "Rubio Mejia, Luis Ignacio"]
[Black "Martin Duque, Jesus"]
[Result "1/2-1/2"]
[WhiteElo "2409"]
[BlackElo "2406"]
[PlyCount "132"]
[EventDate "2021.11.27"]
[EventType "team-tourn"]
[EventRounds "14"]
[EventCountry "ESP"]
[SourceTitle "EXT 2024"]
[Source "ChessBase"]
[SourceDate "2023.10.10"]
[SourceVersion "1"]
[SourceVersionDate "2023.10.10"]
[SourceQuality "1"]
[WhiteTeam "Virgen de Atocha"]
[BlackTeam "Collado Villalba"]
[WhiteTeamCountry "ESP"]
[BlackTeamCountry "ESP"]

1. c4 e6 2. Nc3 Nf6 3. Nf3 c5 4. g3 b6 5. Bg2 Bb7 6. 0-0 Be7 7. d4 cxd4 8. Qxd4 Nc6 9. Qf4 0-0 10. b3 Qb8 11. Bb2 Rd8 12. Rfd1 Qxf4 13. gxf4 Na5 14. Rac1 d6 15. Ng5 h6 16. Bxb7 Nxb7 17. Nf3 Rac8 18. e3 Nc5 19. Nd4 a6 20. f5 e5 21. Nc2 a5 22. Ba3 e4 23. Nd5 Nxd5 24. Rxd5 Bf6 25. Rcd1 Be5 26. Bxc5 bxc5 27. Na3 Kf8 28. Nb1 Ke7 29. Nd2 g6 30. fxg6 Rg8 31. Nxe4 Rxg6+ 32. Ng3 Bxg3 33. hxg3 a4 34. Kg2 axb3 35. axb3 Ra8 36. R1d2 Ra3 37. Rb2 Rg5 38. Rdd2 h5 39. Kf3 Ke6 40. b4 cxb4 41. Rxb4 Ra6 42. Rb5 f5 43. Rd4 Rc6 44. Rf4 Rc8 45. e4 fxe4+ 46. Rxe4+ Re5 47. Rbxe5+ dxe5 48. Rh4 Kf6 49. Ke3 Kg5 50. f4+ exf4+ 51. Rxf4 Ra8 52. Ke4 Ra4 53. Kf3 Ra3+ 54. Kg2 Rc3 55. Kh3 Rc1 56. Rd4 Rh1+ 57. Kg2 Rc1 58. Kh2 Kf5 59. Rf4+ Kg5 60. Kh3 Rh1+ 61. Kg2 Rc1 62. Kh2 Kg6 63. Rd4 Kg5 64. Kg2 Kf5 65. Rd5+ Kg4 66. Rd4+ Kf5 1/2-1/2

[Event "Madrid-chT Honor 2122"]
[Site "Madrid"]
[Date "2022.02.12"]
[Round "9.2"]
[White "Elissalt Cardenas, Hector"]
[Black "Rubio Mejia, Luis Ignacio"]
[Result "1/2-1/2"]
[WhiteElo "2290"]
[BlackElo "2409"]
[PlyCount "68"]
[EventDate "2021.11.27"]
[EventType "team-tourn"]
[EventRounds "14"]
[EventCountry "ESP"]
[SourceTitle "EXT 2024"]
[Source "ChessBase"]
[SourceDate "2023.10.10"]
[SourceVersion "1"]
[SourceVersionDate "2023.10.10"]
[SourceQuality "1"]
[WhiteTeam "Tajamar"]
[BlackTeam "Virgen de Atocha"]
[WhiteTeamCountry "ESP"]
[BlackTeamCountry "ESP"]

1. d4 Nf6 2. c4 e6 3. Nc3 Bb4 4. e3 b6 5. Bd2 0-0 6. Qf3 d5 7. Bd3 Ba6 8. Qe2 Nbd7 9. cxd5 Bxd3 10. Qxd3 exd5 11. Nge2 Re8 12. f3 Bd6 13. 0-0 c5 14. Be1 Qc7 15. Bg3 Qc6 16. Bxd6 Qxd6 17. Ng3 Qc6 18. Rad1 Rad8 19. Kh1 g6 20. e4 dxe4 21. Ngxe4 Nxe4 22. Nxe4 Nf6 23. Qc3 Nxe4 24. fxe4 Qxe4 25. dxc5 Rxd1 26. Rxd1 Qa4 27. b3 Qg4 28. Rg1 bxc5 29. Qxc5 a6 30. h3 Qe2 31. Qa5 Re5 32. Qd8+ Re8 33. Qa5 Re5 34. Qd8+ Re8 1/2-1/2

[Event "ESP-chT CECLUB Div1"]
[Site "Linares"]
[Date "2021.09.14"]
[Round "7.2"]
[White "Rubio Mejia, Luis Ignacio"]
[Black "Ayats Llobera, Gerard"]
[Result "1/2-1/2"]
[WhiteElo "2402"]
[BlackElo "2436"]
[PlyCount "60"]
[EventDate "2021.09.08"]
[EventType "team-tourn"]
[EventRounds "7"]
[EventCountry "ESP"]
[SourceTitle "CBM 204 Extra"]
[Source "ChessBase"]
[SourceDate "2021.11.30"]
[SourceVersion "1"]
[SourceVersionDate "2021.11.30"]
[SourceQuality "1"]
[WhiteTeam "Virgen de Atocha"]
[BlackTeam "Barcelona CE"]
[WhiteTeamCountry "ESP"]
[BlackTeamCountry "ESP"]

1. c4 Nf6 2. Nc3 e6 3. Nf3 d5 4. cxd5 exd5 5. d4 Bb4 6. Bg5 Qd6 7. Bxf6 Qxf6 8. a3 Bxc3+ 9. bxc3 0-0 10. e3 c5 11. Rb1 c4 12. Be2 Qd6 13. a4 Bf5 14. Ra1 Nc6 15. 0-0 Rfe8 16. Nd2 a6 17. a5 Na7 18. Bg4 Bd3 19. Be2 Bg6 20. Bh5 Nb5 21. Bxg6 Qxg6 22. Rc1 Rac8 23. Qc2 Qh5 24. e4 dxe4 25. Nxe4 Re6 26. Nc5 Re2 27. Qd1 Rce8 28. Rc2 g6 29. Nxb7 Rxc2 30. Qxc2 Qe2 1/2-1/2

[Event "EU-ch Online 2300+ Final"]
[Site "Chess.com INT"]
[Date "2020.05.30"]
[Round "2"]
[White "Estrada Nieto, Julian"]
[Black "Rubio Mejia, Luis Ignacio"]
[Result "0-1"]
[WhiteElo "2280"]
[BlackElo "2405"]
[PlyCount "128"]
[EventDate "2020.05.30"]
[EventType "swiss"]
[EventRounds "8"]
[EventCountry "NET"]
[SourceTitle "CBM 196 Extra"]
[Source "ChessBase"]
[SourceDate "2020.07.31"]
[SourceVersion "1"]
[SourceVersionDate "2020.07.31"]
[SourceQuality "1"]

1. e4 c5 2. Nf3 e6 3. c3 Nf6 4. e5 Nd5 5. Bc4 d6 6. exd6 Bxd6 7. 0-0 0-0 8. d4 Nc6 9. Re1 cxd4 10. cxd4 Nce7 11. Nc3 Bd7 12. Bb3 Rc8 13. Ne4 Bb4 14. Bd2 Bxd2 15. Qxd2 Bc6 16. Ne5 Nf5 17. Rac1 Nf6 18. Nxf6+ Qxf6 19. Nxc6 bxc6 20. Rc4 Rfd8 21. Qa5 Nxd4 22. Qxa7 Nxb3 23. axb3 Qxb2 24. Qb7 Rb8 25. Qxc6 Qxb3 26. g3 Qb7 27. Qxb7 Rxb7 28. Re2 g6 29. h4 Kg7 30. Kg2 Rd3 31. Rc5 h6 32. Rce5 Rbd7 33. R5e4 Kf6 34. Rf4+ Ke7 35. Rfe4 Rd2 36. Kf3 R7d3+ 37. Kg2 Rxe2 38. Rxe2 Kf6 39. Ra2 g5 40. hxg5+ hxg5 41. Ra4 Ke5 42. Kf1 f5 43. Ke2 Rb3 44. Ra5+ Kf6 45. Ra8 Rb2+ 46. Kf3 g4+ 47. Ke3 Rb3+ 48. Ke2 Rb5 49. Ra7 Ke5 50. Ra8 Rb2+ 51. Ke3 Rb3+ 52. Ke2 Rb4 53. Ra7 Ke4 54. Re7 e5 55. Rg7 Rb2+ 56. Ke1 Kf3 57. Rc7 Rb1+ 58. Kd2 Kxf2 59. Rc5 f4 60. Rxe5 Kxg3 61. Ke2 f3+ 62. Ke3 Re1+ 63. Kd4 Rxe5 64. Kxe5 f2 0-1

[Event "EU-ch Online 2300+ Qual"]
[Site "Chess.com INT"]
[Date "2020.05.29"]
[Round "4"]
[White "Rubio Mejia, Luis Ignacio"]
[Black "Laurusas, Tomas"]
[Result "0-1"]
[WhiteElo "2405"]
[BlackElo "2511"]
[PlyCount "54"]
[EventDate "2020.05.29"]
[EventType "swiss"]
[EventRounds "8"]
[EventCountry "NET"]
[SourceTitle "CBM 196 Extra"]
[Source "ChessBase"]
[SourceDate "2020.07.31"]
[SourceVersion "1"]
[SourceVersionDate "2020.07.31"]
[SourceQuality "1"]

1. d4 d5 2. c4 c6 3. Nf3 Nf6 4. e3 Bf5 5. Nc3 e6 6. Nh4 Be4 7. f3 Bg6 8. Qb3 Qc7 9. Nxg6 hxg6 10. g3 Nbd7 11. cxd5 exd5 12. Bd2 Bd6 13. f4 0-0 14. Bg2 Nb6 15. 0-0 Nc4 16. Qc2 Rfe8 17. Rfe1 Re7 18. e4 Qb6 19. Qd3 Nxb2 20. Qc2 Nc4 21. Qd3 Nxd2 22. Qxd2 dxe4 23. Bxe4 Bb4 24. Bf3 Rd7 25. Red1 Rad8 26. Qc2 Rxd4 27. Kg2 Qc5 0-1

[Event "Madrid-chT 1920 Honor"]
[Site "Madrid"]
[Date "2020.01.11"]
[Round "4.3"]
[White "Rubio Mejia, Luis Ignacio"]
[Black "Khamrakulov, Ibragim S"]
[Result "1/2-1/2"]
[WhiteElo "2426"]
[BlackElo "2417"]
[PlyCount "79"]
[EventDate "2019.11.24"]
[EventType "team-tourn"]
[EventRounds "12"]
[EventCountry "ESP"]
[SourceTitle "EXT 2021"]
[Source "ChessBase"]
[SourceDate "2020.10.23"]
[SourceVersion "1"]
[SourceVersionDate "2020.10.23"]
[SourceQuality "1"]
[WhiteTeam "Virgen de Atocha"]
[BlackTeam "Villalba 64"]
[WhiteTeamCountry "ESP"]
[BlackTeamCountry "ESP"]

1. d4 Nf6 2. c4 e6 3. Nc3 Bb4 4. Qc2 c5 5. dxc5 Bxc5 6. Nf3 h6 7. Bf4 Nh5 8. Bd2 Nc6 9. Ne4 Be7 10. Bc3 f5 11. Ng3 Nf6 12. e4 fxe4 13. Nxe4 0-0 14. 0-0-0 Qc7 15. Nxf6+ Bxf6 16. Bd3 d5 17. Kb1 Qb6 18. Bxf6 Rxf6 19. a3 Kh8 20. Qe2 Qc5 21. Rc1 Nd4 22. Nxd4 Qxd4 23. f3 Bd7 24. Rhe1 Kg8 25. Qe3 Qxe3 26. Rxe3 Bc6 27. Rce1 Bd7 28. Re5 dxc4 29. Bxc4 Kf7 30. h4 Rc8 31. Bb3 Ke7 32. R1e3 Rc6 33. g3 Kd6 34. f4 Rf5 35. Rd3+ Ke7 36. Rxd7+ Kxd7 37. Bxe6+ Rxe6 38. Rxf5 Rg6 39. Rd5+ Ke6 40. Rd3 1/2-1/2